Nedovoľme, aby sa z ochrany dát stal protekcionizmus

Potreba jednotných pravidiel namiesto budovania pevnosti okolo informácií. Základy bezpečnosti a dôvery tak, aby sme mohli využívať globálne ekonomické príležitosti v digitálne prepojenom svete.

Salvato in:
Dettagli Bibliografici
Autore principale: Snabe, Hagemann Jim
Natura: Capitolo di libro
Lingua:slovacco
Soggetti:
Tags: Aggiungi Tag
Nessun Tag, puoi essere il primo ad aggiungerne!!

MARC

LEADER 00000naa a2200000 4500
001 0183651
005 20220725111515.3
041 0 |a slo 
044 |a SK 
245 1 0 |a Nedovoľme, aby sa z ochrany dát stal protekcionizmus  |c Hagemann Jim Snabe 
520 |a Potreba jednotných pravidiel namiesto budovania pevnosti okolo informácií. Základy bezpečnosti a dôvery tak, aby sme mohli využívať globálne ekonomické príležitosti v digitálne prepojenom svete. 
610 2 0 |a technológie informačné 
610 2 0 |a technológie komunikačné 
610 2 0 |a svet 
610 2 0 |a informatizácia 
610 2 0 |a digitalizácia 
610 2 0 |a globalizácia 
610 2 0 |a informácie 
100 1 |a Snabe, Hagemann Jim